Every Manchester United Champions League Hat Trick - Statistics

General Stats
  • This quiz has been taken 170 times
  • The average score is 10 of 14
Answer Stats
Answer % Correct
Wayne Rooney
96%
Robin van Persie
93%
Marcus Rashford
92%
Ruud van NIstelrooy
89%
Club Brugge
72%
Olympiacos
71%
Andrew Cole
68%
Fenerbahce
68%
Feyenoord
66%
Anderlecht
63%
RB Leipzig
61%
Sparta Prague
51%
VfL Wolfsburg
46%
Michael Owen
41%
No matching quizzes found
Score Distribution
Percent of People with Each Score
Percentile by Number Answered
Your Score History
You have not taken this quiz